00795 2200241 4500001002100000005001700021008004100038020001900079035002500098040001200123082001300135084001700148245020700165250001100372260003000383300002600413650002300439700002300462700001700485700001800502850001200520990002100532INLIS00000000001947820160427082412.0  a979-9636-103-5 a0010-041600000000482 aYOPDYOG a658.4092 a658.4092 Mem aMEMERDEKAKAN Indonesia kembalib: Perjalanan bangsa dari Soekarno ke Megawati kumpulan tulisan terpilih di harian Media Indonesiac/ editor, Imam Anshori Saleh, Jazim Hamidi ; penyunting, Arif Fahrudin. aCet.1. aYogyakartabIrCisodc2004 axL, 198 hlm.c; 21 cm aKecakapan Pimpinan aImam Anshori Saleh aJazim Hamidi aArif Fahrudin aYOPDYOG a1092-RBM/PD.A.16